مكتبة جامعة عجلون الوطنية

فهرس بحث المكتبة

العلاقة الترابطية بين مجلس الامن والمحكمة الجنائية الدولية = The interconnected relationship between the Security Council and international Criminal Court / (Record no. 33563)

MARC details
000 -LEADER
fixed length control field 01008nam a22001937a 4500
003 - CONTROL NUMBER IDENTIFIER
control field JO-AjAnu
005 - DATE AND TIME OF LATEST TRANSACTION
control field 20240708091223.0
008 - FIXED-LENGTH DATA ELEMENTS--GENERAL INFORMATION
fixed length control field 240706b jo ||||| |||| 00| 0 ara d
040 ## - CATALOGING SOURCE
Transcribing agency JO-AjAn
041 ## - LANGUAGE CODE
Language code of text/sound track or separate title ARA
100 #1 - MAIN ENTRY--PERSONAL NAME
Personal name النسور، جلال موسى
9 (RLIN) 66017
Relator term معد
245 2# - TITLE STATEMENT
Title العلاقة الترابطية بين مجلس الامن والمحكمة الجنائية الدولية = The interconnected relationship between the Security Council and international Criminal Court /
Statement of responsibility, etc. اعداد جلال موسى النسور ؛ إشراف زياد محمد الوحشات
260 ## - PUBLICATION, DISTRIBUTION, ETC.
Date of publication, distribution, etc. 2024
300 ## - PHYSICAL DESCRIPTION
Extent 106 ورقة
500 ## - GENERAL NOTE
General note رسالة جامعية (ماجستير) .- جامعة عجلون الوطنية (عجلون، الأردن)، كلية الحقوق ، تخصص القانون، 2024<br/>
650 70 - SUBJECT ADDED ENTRY--TOPICAL TERM
Topical term or geographic name entry element القانون الدولي الجنائي - مجلس الامن
9 (RLIN) 66018
700 #1 - ADDED ENTRY--PERSONAL NAME
Personal name الوحشات، زياد محمد
9 (RLIN) 64909
Relator term مشرف
942 ## - ADDED ENTRY ELEMENTS (KOHA)
Source of classification or shelving scheme Library of Congress Classification
Koha item type Thesis
Suppress in OPAC No
Holdings
Withdrawn status Lost status Source of classification or shelving scheme Damaged status Not for loan Home library Current library Date acquired Total Checkouts Full call number Barcode Date last seen Price effective from Koha item type
    Library of Congress Classification     مكتبة جامعة عجلون الوطنية مكتبة جامعة عجلون الوطنية 06/07/2024   KZ6310 a29917 06/07/2024 06/07/2024 Thesis
    Library of Congress Classification     مكتبة جامعة عجلون الوطنية مكتبة جامعة عجلون الوطنية 06/07/2024   KZ6310 A29916 06/07/2024 06/07/2024 Thesis